000 004530000a22001690004500
003 LK-CoMWRAF
008 230817t ||||| |||| 00| 0 eng d
040 _aLK-CoMWRAF
_dLK-CoMWRAF
_eLK-CoMWRAF
041 _aeng
082 _a156
_bGHA
100 _aGhadanfar, Mahmood Ahmad
245 _aGreat Women of Islam
_bWho were given the good news of Paradise
260 _bDarussalam
_aSaudi Arabia
_c2002
300 _ap.272
650 _aIslam
942 _cBK
999 _c988
_d988